Obálka Náhled e-knihy:
PDF Epub
Pro půjčování e-knih musíte být přihlášeni.
Jak si půjčit online?

Nultá hodina /

Román odehrávající se v době těsně po druhé světové válce líčí návrat hlavní hrdinky do vlasti, kde už nic není takové jako dřív, a ona může jen bezmocně přihlížet bouřlivým společenským změnám.

Uloženo v:
Hlavní autor: Poncarová, Jana, 1983- (Autor)
Médium: E-kniha
Jazyk:Czech
Vydáno: V Praze : Motto, 2023
Vydání:1. vydání
Témata:
Tagy:
Žádné tagy
LEADER 02190nam a2200373 i 4500
001 312119
003 CZ PrSKC
005 20260601215717.0
007 ta
008 231009s2023 xr g 000 f cze
015 |a cnb003551220 
020 |a 9788026725398  |q (vázáno) 
035 |a (OCoLC)1408816979 
040 |a ABG001  |b cze  |e rda 
072 7 |a 821.162.3-3  |x Česká próza  |2 Konspekt 
080 |a 821.162.3-31  |2 MRF 
080 |a (0:82-31)  |2 MRF 
100 1 |a Poncarová, Jana,  |d 1983-  |7 xx0228679  |4 aut 
245 1 0 |a Nultá hodina /  |c Jana Poncarová 
250 |a 1. vydání 
264 1 |a V Praze :  |b Motto,  |c 2023 
300 |a 295 stran ;  |c 22 cm 
336 |a text  |b txt  |2 rdacontent 
337 |a bez média  |b n  |2 rdamedia 
338 |a svazek  |b nc  |2 rdacarrier 
520 2 |a Román odehrávající se v době těsně po druhé světové válce líčí návrat hlavní hrdinky do vlasti, kde už nic není takové jako dřív, a ona může jen bezmocně přihlížet bouřlivým společenským změnám.  |b Hedvika se vrací do poválečného Československa po sedmi letech, které prožila v Londýně a ve vojenské službě v Africe. Z trosek se snaží znovu vystavět svůj někdejší život, postupně však zjišťuje, že jednotlivé dílky se poztrácely a nic už není jako dřív. Hrůzy války a léta odloučení ji s manželem odcizily, a do cesty jí navíc vkročil jiný muž. Hedvika mezitím bezmocně pozoruje, jak v její vlasti jednu totalitu střídá druhá. Podaří se jí vystoupit z neklidného bezčasí nulté hodiny? Nakladatelská anotace. 
655 7 |a české romány  |7 fd133974  |2 czenas 
655 9 |a Czech fiction  |2 eczenas 
900 |a ABA001  |b 19 
928 9 |a Albatros Media - Motto 
044 |a xr 
910 |a RBIT002 
998 |d 387932  |a https://core.palmknihy.cz/api/books/387932/cover?si8h0f  |b https://core.palmknihy.cz/api/books/387932/cover/400?si8h0f  |c https://core.palmknihy.cz/api/books/387932/cover/50?si8h0f  |e 2033-12-31  |g 296  |i 9788026725398  |j https://core.palmknihy.cz/api/books/387932/preview.epub  |k https://core.palmknihy.cz/api/books/387932/preview.pdf  |l   |q 49  |r 1  |s https://www.palmknihy.cz/kniha/387932  |t ebook  |y 2023  |z 0 
999 |d 312117